[Event "M.Chigorin Memorial 2014"]
[Site "St. Petersburg"]
[Date "2014.10.20"]
[Round "3.93"]
[White "Strugnell, Carl"]
[Black "Zhuk, Valeriy"]
[Result "0-1"]
[WhiteElo "2297"]
[BlackElo "2076"]
[PlyCount "42"]
[EventDate "2014.10.18"]
[EventType "swiss"]
[EventCountry "RUS"]

1. e4 e6 2. d4 d5 3. Nc3 Bb4 4. a3 Bxc3+ 5. bxc3 Ne7 6. Qg4 O-O 7. e5 c5 8. Bd3
Nbc6 9. Nf3 f5 10. exf6 Rxf6 11. Bg5 e5 12. Qh4 e4 13. Bxf6 gxf6 14. Qxf6 exd3
15. dxc5 dxc2 16. Kd2 Bf5 17. Rhe1 d4 18. Nxd4 Nxd4 19. cxd4 Qa5+ 20. Ke2 Qb5+
21. Kf3 Qd3+ 0-1

[Event "M.Chigorin Memorial 2014"]
[Site "St. Petersburg"]
[Date "2014.10.20"]
[Round "3.94"]
[White "Dauletova, Gulmira"]
[Black "Grachev, Alexey"]
[Result "1-0"]
[WhiteElo "2293"]
[BlackElo "2065"]
[PlyCount "55"]
[EventDate "2014.10.18"]
[EventType "swiss"]
[EventCountry "RUS"]

1. e4 c5 2. Nf3 e6 3. d4 cxd4 4. Nxd4 Nf6 5. Bd3 Nc6 6. Nxc6 bxc6 7. Qe2 d6 8.
Nd2 Be7 9. O-O e5 10. Nc4 O-O 11. b3 Be6 12. Bb2 Nd7 13. f4 exf4 14. Rxf4 Bxc4
15. Bxc4 Ne5 16. Raf1 Nxc4 17. Qxc4 Qe8 18. h4 Rd8 19. Rg4 g6 20. h5 d5 21. Qd4
f6 22. hxg6 hxg6 23. Qe3 Kg7 24. e5 f5 25. e6+ Bf6 26. Qxa7+ Kh6 27. Bc1+ f4
28. Bxf4+ 1-0

[Event "M.Chigorin Memorial 2014"]
[Site "St. Petersburg"]
[Date "2014.10.20"]
[Round "3.95"]
[White "Bimiev, Ahmad"]
[Black "Khanin, Semen"]
[Result "0-1"]
[WhiteElo "2090"]
[BlackElo "2292"]
[PlyCount "114"]
[EventDate "2014.10.18"]
[EventType "swiss"]
[EventCountry "RUS"]

1. Nf3 d5 2. c4 e6 3. g3 c5 4. cxd5 exd5 5. Bg2 Nc6 6. d4 Nf6 7. O-O Be7 8. Nc3
O-O 9. Qd3 h6 10. Rd1 Be6 11. Bf4 c4 12. Qc2 a6 13. a3 Rc8 14. Ne5 Bd6 15. e4
Ne7 16. Re1 dxe4 17. Nxe4 Nxe4 18. Bxe4 Nd5 19. Bd2 Qc7 20. f4 Nf6 21. Bg2 Rfd8
22. Rad1 Bf8 23. f5 Bd5 24. Bf4 Qa5 25. Bd2 Qb6 26. Bc3 Bxg2 27. Kxg2 Nd5 28.
Re4 Qd6 29. Rde1 b5 30. Ba5 Re8 31. Qd2 Nf6 32. R4e3 Qd5+ 33. Kg1 Bd6 34. Nd7
Rxe3 35. Nxf6+ gxf6 36. Qxe3 Qxf5 37. Qxh6 Bf8 38. Qe3 Rc6 39. Rf1 Qg6 40. Qf3
Re6 41. Bd8 f5 42. Qxf5 Qxf5 43. Rxf5 Bg7 44. Rg5 Kh7 45. Rh5+ Kg6 46. Rg5+ Kh6
47. Rd5 Re2 48. Rd6+ Kh7 49. Ba5 Rxb2 50. d5 Ra2 51. Rxa6 Rxa3 52. d6 c3 53. d7
c2 54. Rc6 Bc3 55. d8=Q c1=Q+ 56. Kg2 Qc2+ 57. Kh3 Qf5+ 0-1

[Event "M.Chigorin Memorial 2014"]
[Site "St. Petersburg"]
[Date "2014.10.20"]
[Round "3.96"]
[White "Repkin, Alexander"]
[Black "Palachev, Petr"]
[Result "0-1"]
[WhiteElo "2077"]
[BlackElo "2288"]
[PlyCount "40"]
[EventDate "2014.10.18"]
[EventType "swiss"]
[EventCountry "RUS"]

1. d4 Nf6 2. c4 e6 3. Nf3 d5 4. Nc3 Bb4 5. Qb3 c5 6. dxc5 Na6 7. a3 Bxc5 8.
Qb5+ Kf8 9. Bg5 dxc4 10. Rd1 Qc7 11. e3 Bd7 12. Qxc4 Rc8 13. b4 Be7 14. Qxc7
Nxc7 15. Bxf6 Bxf6 16. Ne4 Ba4 17. Rd2 Nd5 18. Be2 Rc1+ 19. Bd1 Nc3 20. O-O
Nxe4 0-1

[Event "M.Chigorin Memorial 2014"]
[Site "St. Petersburg"]
[Date "2014.10.20"]
[Round "3.97"]
[White "Sargissyan, Sargis"]
[Black "Opanasenko, Mikhail"]
[Result "1-0"]
[WhiteElo "2284"]
[BlackElo "2048"]
[PlyCount "77"]
[EventDate "2014.10.18"]
[EventType "swiss"]
[EventCountry "RUS"]

1. Nf3 e6 2. g3 c5 3. Bg2 Nc6 4. O-O Nf6 5. d3 d5 6. Nbd2 Be7 7. e4 O-O 8. Re1
Qc7 9. c3 b5 10. Nf1 Bb7 11. e5 Nd7 12. Bf4 Nb6 13. Rc1 Rfd8 14. d4 cxd4 15.
cxd4 Qd7 16. h4 Bb4 17. Re2 h6 18. g4 Na4 19. Ng3 Ne7 20. Bxh6 Ng6 21. Bg5 Be7
22. b3 Nb6 23. Rec2 Rdc8 24. Qd2 a5 25. h5 Nf8 26. h6 g6 27. Bf1 Bxg5 28. Qxg5
Nh7 29. Qf4 b4 30. Ng5 Qe7 31. Nxh7 Kxh7 32. Bd3 Rxc2 33. Rxc2 Ba6 34. Bxa6
Rxa6 35. g5 Ra7 36. Nf1 Na8 37. Rc8 Nc7 38. Ne3 Ne8 39. Ng4 1-0

[Event "M.Chigorin Memorial 2014"]
[Site "St. Petersburg"]
[Date "2014.10.20"]
[Round "3.98"]
[White "Ofitserian, Boris"]
[Black "Zhdanov, Petr"]
[Result "1-0"]
[WhiteElo "2282"]
[BlackElo "2040"]
[PlyCount "71"]
[EventDate "2014.10.18"]
[EventType "swiss"]
[EventCountry "RUS"]

1. d4 Nf6 2. c4 e6 3. g3 d5 4. Nf3 dxc4 5. Bg2 Nc6 6. Qa4 Bb4+ 7. Bd2 Nd5 8.
Bxb4 Ndxb4 9. O-O Rb8 10. Nc3 a6 11. Ne5 O-O 12. Nxc6 Nxc6 13. Bxc6 bxc6 14.
Qxc4 Qd6 15. b3 Rb4 16. Ne4 Rxc4 17. Nxd6 Rxd4 18. Nc4 c5 19. Rfc1 Bd7 20. Na5
Bb5 21. e3 Rd5 22. Nb7 g6 23. Nxc5 Rfd8 24. Kg2 Kg7 25. Rc3 Rd1 26. Rxd1 Rxd1
27. Nb7 Rd7 28. a4 Be2 29. Rc6 Bd1 30. Nc5 Rd6 31. Rxc7 Rb6 32. a5 Rb5 33.
Nxe6+ Kf6 34. Nc5 Rxa5 35. b4 Rb5 36. Ne4+ 1-0

[Event "M.Chigorin Memorial 2014"]
[Site "St. Petersburg"]
[Date "2014.10.20"]
[Round "3.99"]
[White "Kolodkin, Daniil"]
[Black "Leontiev, Aleksandr V"]
[Result "0-1"]
[WhiteElo "2072"]
[BlackElo "2281"]
[PlyCount "46"]
[EventDate "2014.10.18"]
[EventType "swiss"]
[EventCountry "RUS"]

1. c4 e5 2. Nc3 Nf6 3. g3 c6 4. Bg2 d5 5. cxd5 cxd5 6. d3 Nc6 7. Bg5 Be6 8. Nf3
d4 9. Ne4 Be7 10. Nxf6+ Bxf6 11. Bxf6 Qxf6 12. Nd2 O-O 13. O-O Rac8 14. Ne4 Qe7
15. Qd2 h6 16. Rfc1 Nb4 17. a3 Rxc1+ 18. Qxc1 Rc8 19. Qd1 Na2 20. Nd2 b5 21.
Nb3 Qc7 22. Rxa2 Qc2 23. Ra1 Bxb3 0-1

[Event "M.Chigorin Memorial 2014"]
[Site "St. Petersburg"]
[Date "2014.10.20"]
[Round "3.100"]
[White "Rozhnov, Valeriy"]
[Black "Samdanov, Samdan"]
[Result "0-1"]
[WhiteElo "2069"]
[BlackElo "2278"]
[PlyCount "100"]
[EventDate "2014.10.18"]
[EventType "swiss"]
[EventCountry "RUS"]

1. d4 d5 2. Nf3 Nf6 3. Bf4 g6 4. Nc3 Bg7 5. Qd2 Ne4 6. Nxe4 dxe4 7. Ne5 Be6 8.
e3 O-O 9. Be2 c5 10. c3 f6 11. Nc4 cxd4 12. cxd4 Nc6 13. O-O b5 14. Na3 a6 15.
Rfd1 Qb6 16. b3 Rfd8 17. Rac1 Bd5 18. Qe1 Bf8 19. Nb1 e6 20. Nc3 Ba3 21. Nxd5
exd5 22. Rb1 Nb4 23. Rd2 Rac8 24. f3 Rc3 25. fxe4 dxe4 26. Qg3 Nd5 27. Rdd1 Bd6
28. Qf2 Bxf4 29. exf4 Rc2 30. Rbc1 Rdc8 31. Rxc2 Rxc2 32. a4 bxa4 33. bxa4 Qb2
34. Re1 Kg7 35. f5 Nc3 36. Kf1 Nxe2 37. Rxe2 Rc1+ 38. Re1 Qxf2+ 39. Kxf2 Rxe1
40. Kxe1 gxf5 41. g3 Kf7 42. Kd2 Ke6 43. Ke2 a5 44. Kd2 Kd5 45. Ke3 h6 46. h3
h5 47. h4 f4+ 48. Kxf4 Kxd4 49. g4 e3 50. Kf3 Kd3 0-1

[Event "M.Chigorin Memorial 2014"]
[Site "St. Petersburg"]
[Date "2014.10.20"]
[Round "3.101"]
[White "Sichinava, Zviad"]
[Black "Shuster, Andrei"]
[Result "1-0"]
[WhiteElo "2275"]
[BlackElo "2038"]
[PlyCount "121"]
[EventDate "2014.10.18"]
[EventType "swiss"]
[EventCountry "RUS"]

1. d4 Nf6 2. Bg5 Ne4 3. Bh4 c5 4. f3 g5 5. fxe4 gxh4 6. e3 Bh6 7. Kf2 cxd4 8.
exd4 Nc6 9. Nc3 d6 10. Bc4 O-O 11. Nf3 Kh8 12. Nxh4 f5 13. Qh5 fxe4+ 14. Ke1
Kg7 15. g4 e5 16. Nf5+ Bxf5 17. gxf5 Qg5 18. Qxg5+ Bxg5 19. Rg1 Kh6 20. Nxe4
Bh4+ 21. Kd2 Nxd4 22. Raf1 Rad8 23. Rg4 Kh5 24. Rg7 Kh6 25. Rg4 Kh5 26. Rg7 Kh6
27. Rf7 Rxf7 28. Bxf7 Rf8 29. Bd5 Rxf5 30. Rxf5 Nxf5 31. Bxb7 Be7 32. c3 Kh5
33. Bc8 Nh4 34. Kd3 Nf3 35. h3 d5 36. Ng3+ Kg5 37. Be6 d4 38. Ke4 Nd2+ 39. Kd3
Nf3 40. Bd5 dxc3 41. bxc3 Ng1 42. Bg2 Kf4 43. Ne4 Nf3 44. Bxf3 Kxf3 45. c4 Kg2
46. c5 Kxh3 47. c6 Bd8 48. Nf6 Kg3 49. Ke4 Bc7 50. Nxh7 Kf2 51. Nf6 Ke2 52. Nd5
Bd6 53. c7 Bxc7 54. Nxc7 Kd2 55. Na6 Kc3 56. Kxe5 Kc4 57. Kd6 Kb5 58. Nc5 Kb4
59. a4 a5 60. Kc6 Kc4 61. Na6 1-0

[Event "M.Chigorin Memorial 2014"]
[Site "St. Petersburg"]
[Date "2014.10.20"]
[Round "3.102"]
[White "Shemeakin, Alexander"]
[Black "Trapeznikova, Darya"]
[Result "0-1"]
[WhiteElo "2270"]
[BlackElo "2036"]
[PlyCount "78"]
[EventDate "2014.10.18"]
[EventType "swiss"]
[EventCountry "RUS"]

1. d4 d5 2. c4 e6 3. Nf3 c6 4. Bg5 Be7 5. Bxe7 Qxe7 6. Nbd2 Nf6 7. Qc2 Nbd7 8.
g4 h6 9. Rg1 e5 10. g5 hxg5 11. Rxg5 e4 12. Ne5 Nxe5 13. Rxe5 Be6 14. f3 Nd7
15. Rxe6 Qxe6 16. fxe4 Rxh2 17. O-O-O Nf6 18. e5 Ne4 19. Nxe4 dxe4 20. Qc3 Rh1
21. e3 Qf5 22. Be2 Rxd1+ 23. Bxd1 g5 24. d5 cxd5 25. Ba4+ Kf8 26. e6 Qf1+ 27.
Kd2 Qd3+ 28. Qxd3 exd3 29. cxd5 fxe6 30. dxe6 Ke7 31. Kxd3 g4 32. Bd1 g3 33.
Bf3 Rf8 34. Ke2 b6 35. Bd5 Rf2+ 36. Ke1 Rxb2 37. Kf1 b5 38. Kg1 a5 39. e4 b4
0-1

[Event "M.Chigorin Memorial 2014"]
[Site "St. Petersburg"]
[Date "2014.10.20"]
[Round "3.103"]
[White "Mamyrbay, Assad"]
[Black "Miroshnichenko, Pavel"]
[Result "1/2-1/2"]
[WhiteElo "2063"]
[BlackElo "2270"]
[PlyCount "81"]
[EventDate "2014.10.18"]
[EventType "swiss"]
[EventCountry "RUS"]

1. e4 d5 2. exd5 Qxd5 3. Nc3 Qd6 4. d4 Nf6 5. Nf3 a6 6. g3 Bg4 7. Bg2 Nc6 8.
Bf4 Qe6+ 9. Be3 Qc4 10. h3 Bxf3 11. Qxf3 O-O-O 12. O-O-O e6 13. Bf1 Qb4 14.
Bxa6 Nd5 15. Nxd5 Rxd5 16. Qxf7 Nd8 17. Bxb7+ Qxb7 18. Qf3 Qa6 19. a3 Be7 20.
Rd3 Rf8 21. Qe4 g6 22. h4 Rf7 23. Bf4 Bf6 24. Rhd1 Rfd7 25. Kb1 Qa4 26. Be3 Bg7
27. Rb3 e5 28. Rb4 Qc6 29. Qd3 exd4 30. Qb3 Qa8 31. Ra4 Ra5 32. Rxa5 Qxa5 33.
Bg5 Nf7 34. Qe6 Nxg5 35. hxg5 Qd5 36. Qa6+ Qb7 37. Qe6 Qf3 38. Qe8+ Rd8 39.
Qe6+ Rd7 40. Qe8+ Rd8 41. Qe6+ 1/2-1/2

[Event "M.Chigorin Memorial 2014"]
[Site "St. Petersburg"]
[Date "2014.10.20"]
[Round "3.104"]
[White "Turikov, Viktor"]
[Black "Grachev, Andrey"]
[Result "1/2-1/2"]
[WhiteElo "2269"]
[BlackElo "2029"]
[PlyCount "99"]
[EventDate "2014.10.18"]
[EventType "swiss"]
[EventCountry "RUS"]

1. b3 d5 2. e3 Nf6 3. Bb2 Bf5 4. Bd3 Bxd3 5. cxd3 e6 6. f4 Be7 7. Nf3 O-O 8.
O-O c5 9. d4 Nc6 10. dxc5 Bxc5 11. Nc3 a6 12. Ne2 Ne4 13. Ned4 Rc8 14. Nxc6
bxc6 15. Rc1 Qb6 16. Qe2 Be7 17. Ne5 Rc7 18. Rc2 c5 19. d3 Nd6 20. Kh1 Qb7 21.
Rfc1 Rfc8 22. Ng4 a5 23. Bc3 Qa6 24. Be5 f6 25. Bxd6 Bxd6 26. Nf2 a4 27. f5
axb3 28. axb3 Qb7 29. fxe6 Qxb3 30. Qf3 Re8 31. d4 Rxe6 32. e4 Qxf3 33. gxf3
Bf4 34. Rxc5 Bxc1 35. Rxc7 Be3 36. Nd3 dxe4 37. d5 Re8 38. fxe4 Rxe4 39. d6 Rd4
40. d7 Rxd3 41. Rc8+ Kf7 42. d8=Q Rxd8 43. Rxd8 g5 44. Kg2 Kg6 45. Kf3 Bf4 46.
h3 h5 47. Ra8 Kf5 48. Ra5+ Be5 49. Ra4 Bd6 50. Ra5+ 1/2-1/2

[Event "M.Chigorin Memorial 2014"]
[Site "St. Petersburg"]
[Date "2014.10.20"]
[Round "3.105"]
[White "Martynyuk, Elizaveta"]
[Black "Molchanova, Tatjana"]
[Result "0-1"]
[WhiteElo "2046"]
[BlackElo "2265"]
[PlyCount "74"]
[EventDate "2014.10.18"]
[EventType "swiss"]
[EventCountry "RUS"]

1. e4 c6 2. d4 d5 3. e5 Bf5 4. Nf3 e6 5. Be2 Nd7 6. O-O h6 7. Be3 Ne7 8. Nbd2
Bh7 9. c4 dxc4 10. Nxc4 Nd5 11. Bd3 Bxd3 12. Qxd3 N7b6 13. Nfd2 Nxc4 14. Nxc4
Nb6 15. Nxb6 axb6 16. Qb3 Ra6 17. a4 Be7 18. f4 g6 19. Qc4 Qa8 20. b3 h5 21.
Rfd1 Ra5 22. d5 cxd5 23. Qc7 Bc5 24. Bxc5 Rxc5 25. Qxb6 Rc6 26. Qe3 Kd7 27. Qh3
Qa7+ 28. Kh1 Qc5 29. g4 Qc2 30. g5 Rc3 31. Qh4 Rxb3 32. Qe1 Rb2 33. Qg3 Rc8 34.
Rd3 Rc4 35. a5 Ra4 36. Rc3 Qe4+ 37. Kg1 Raa2 0-1

[Event "M.Chigorin Memorial 2014"]
[Site "St. Petersburg"]
[Date "2014.10.20"]
[Round "3.106"]
[White "Davletbayeva, Madina"]
[Black "Selivanov, Ivan"]
[Result "0-1"]
[WhiteElo "2263"]
[BlackElo "2000"]
[PlyCount "82"]
[EventDate "2014.10.18"]
[EventType "swiss"]
[EventCountry "RUS"]

1. e4 c5 2. Nf3 d6 3. Bb5+ Bd7 4. c4 Nf6 5. Nc3 a6 6. Bxd7+ Nbxd7 7. O-O g6 8.
b3 Bg7 9. d4 b5 10. cxb5 axb5 11. Nxb5 Nxe4 12. Re1 d5 13. Ng5 O-O 14. Nxe4
dxe4 15. Rxe4 cxd4 16. a4 Nc5 17. Re1 Qd7 18. Ba3 Rac8 19. h3 d3 20. Ra2 Bh6
21. Qf3 Rfd8 22. Bb4 Nxb3 23. Rxe7 Qf5 24. Qxf5 gxf5 25. Re1 d2 26. Bxd2 Rxd2
27. Ra3 Nd4 28. Nxd4 Rxd4 29. a5 Bf8 30. Raa1 Ra8 31. Re5 Ra6 32. Rxf5 Kg7 33.
Rb5 Rb4 34. Rh5 Rc4 35. Rg5+ Kh8 36. Rb5 Rc5 37. Rb6 Rxb6 38. axb6 Rb5 39. Ra6
Kg7 40. g3 Bc5 41. Ra2 Rxb6 0-1

[Event "M.Chigorin Memorial 2014"]
[Site "St. Petersburg"]
[Date "2014.10.20"]
[Round "3.107"]
[White "Rivonenko, Vladislav"]
[Black "Pershin, Denis"]
[Result "1-0"]
[WhiteElo "2022"]
[BlackElo "2263"]
[PlyCount "77"]
[EventDate "2014.10.18"]
[EventType "swiss"]
[EventCountry "RUS"]

1. e4 c5 2. Nf3 Nc6 3. Bb5 g6 4. Bxc6 dxc6 5. h3 Bg7 6. Nc3 e5 7. d3 Qe7 8. O-O
Nf6 9. Be3 Nd7 10. Ne2 Nf8 11. c3 Ne6 12. d4 cxd4 13. cxd4 exd4 14. Nexd4 O-O
15. Qc2 Re8 16. Rfe1 Bd7 17. Rad1 Rad8 18. a3 Nxd4 19. Bxd4 Bxd4 20. Rxd4 Be6
21. Red1 Rxd4 22. Nxd4 Bd7 23. Nf3 c5 24. Nd2 b6 25. f3 Qg5 26. Kh1 Be6 27. Nc4
Qg3 28. Qc3 b5 29. Nd6 Rd8 30. e5 b4 31. axb4 cxb4 32. Qc7 Rf8 33. Ne4 Qh4 34.
Nf6+ Kg7 35. Qe7 Qg3 36. Nd7 Rc8 37. Qf6+ Kg8 38. Nc5 Bc4 39. Ne4 1-0

[Event "M.Chigorin Memorial 2014"]
[Site "St. Petersburg"]
[Date "2014.10.20"]
[Round "3.108"]
[White "Isakov, Andrey"]
[Black "Sindarov, Javokhir"]
[Result "1-0"]
[WhiteElo "2258"]
[BlackElo "1994"]
[PlyCount "91"]
[EventDate "2014.10.18"]
[EventType "swiss"]
[EventCountry "RUS"]

1. e4 e5 2. Nf3 Nc6 3. Bb5 g6 4. c3 Nge7 5. d4 exd4 6. cxd4 d5 7. exd5 Nxd5 8.
O-O Bg7 9. Re1+ Be6 10. Bg5 Qd6 11. Nbd2 O-O 12. Ne4 Qb4 13. Bxc6 bxc6 14. Qc2
Rae8 15. a3 Qb6 16. Nc5 Bf5 17. Qd2 Nf6 18. Ne5 Rd8 19. b4 Rd5 20. Rad1 h5 21.
Nc4 Qb5 22. Ne5 Re8 23. Qf4 Rd6 24. Qc1 Red8 25. Nb3 Qa4 26. Na5 Rxd4 27. Rxd4
Rxd4 28. Naxc6 Re4 29. Ne7+ Kh7 30. Nxf7 Qe8 31. Rxe4 Nxe4 32. Qc4 Nf6 33. Nxf5
gxf5 34. Be3 Ne4 35. h4 Qe7 36. Qd5 Kg6 37. Ng5 Nxg5 38. hxg5 a6 39. Qc6+ Qd6
40. Qe8+ Kh7 41. Qxh5+ Kg8 42. g6 Qf6 43. Bc5 Qa1+ 44. Kh2 Qe5+ 45. g3 f4 46.
Qh7# 1-0

[Event "M.Chigorin Memorial 2014"]
[Site "St. Petersburg"]
[Date "2014.10.20"]
[Round "3.109"]
[White "Ganichev, Alexander"]
[Black "Gutkind, Kedem"]
[Result "1-0"]
[WhiteElo "2247"]
[BlackElo "1993"]
[PlyCount "65"]
[EventDate "2014.10.18"]
[EventType "swiss"]
[EventCountry "RUS"]

1. e4 e6 2. d4 d5 3. Nc3 Nf6 4. e5 Nfd7 5. f4 c5 6. Nf3 Nc6 7. Be3 cxd4 8. Nxd4
Qb6 9. Qd2 Qxb2 10. Rb1 Qa3 11. Bb5 Nxd4 12. Bxd4 a6 13. Bxd7+ Bxd7 14. Rb3 Qe7
15. Rxb7 Qh4+ 16. Bf2 Qd8 17. O-O Qc8 18. Rfb1 Bc6 19. R7b3 Be7 20. f5 Qc7 21.
Ne2 Qxe5 22. Nd4 Bb5 23. a4 Bxa4 24. Bg3 Bg5 25. Qb4 Be3+ 26. Rxe3 Qxe3+ 27.
Bf2 Qh6 28. Qxa4+ Kf8 29. Qb4+ Ke8 30. Qb7 Rd8 31. Nc6 Qf6 32. Nxd8 Qxd8 33.
Qa7 1-0

[Event "M.Chigorin Memorial 2014"]
[Site "St. Petersburg"]
[Date "2014.10.20"]
[Round "3.110"]
[White "Tugarin, Anton"]
[Black "Dushin, Nikolay"]
[Result "1-0"]
[WhiteElo "2242"]
[BlackElo "1947"]
[PlyCount "81"]
[EventDate "2014.10.18"]
[EventType "swiss"]
[EventCountry "RUS"]

1. Nf3 Nf6 2. c4 c5 3. Nc3 Nc6 4. g3 d6 5. Bg2 Bg4 6. h3 Bd7 7. O-O g6 8. a3
Bg7 9. Rb1 O-O 10. b4 cxb4 11. axb4 Be6 12. d3 h6 13. b5 Na5 14. Nd4 Bd7 15. e3
a6 16. Kh2 axb5 17. Ncxb5 Nc6 18. Bd2 Ne8 19. Qb3 Kh7 20. Bc3 Nxd4 21. exd4 Bc8
22. Ra1 Rxa1 23. Rxa1 e5 24. Ra8 Qd7 25. dxe5 dxe5 26. Bb4 Rg8 27. Na7 Nc7 28.
Rxc8 Rxc8 29. Nxc8 Qxc8 30. Ba5 Ne6 31. Bxb7 Qd7 32. Bd5 Bf8 33. Qb5 Qe7 34.
Qc6 Qf6 35. Bb6 Be7 36. Bxe6 fxe6 37. Kg2 Kg7 38. Qb7 Qf7 39. c5 e4 40. dxe4
Bf6 41. c6 1-0

[Event "M.Chigorin Memorial 2014"]
[Site "St. Petersburg"]
[Date "2014.10.20"]
[Round "3.111"]
[White "Stepanov, Andrey"]
[Black "Kosarev, Aleksey"]
[Result "1-0"]
[WhiteElo "2012"]
[BlackElo "2237"]
[PlyCount "101"]
[EventDate "2014.10.18"]
[EventType "swiss"]
[EventCountry "RUS"]

1. e4 e5 2. Nf3 Nf6 3. Nxe5 d6 4. Nf3 Nxe4 5. d4 d5 6. Bd3 Nc6 7. O-O Be7 8. c4
Nb4 9. Be2 O-O 10. Nc3 Bf5 11. a3 Nxc3 12. bxc3 Nc6 13. Re1 Re8 14. Bf4 Rc8 15.
cxd5 Qxd5 16. c4 Qe4 17. Bg3 Bf6 18. Bf1 Qc2 19. Rxe8+ Rxe8 20. Qxc2 Bxc2 21.
Rc1 Be4 22. d5 Ne5 23. Nxe5 Bxe5 24. Bxe5 Rxe5 25. Re1 f6 26. f4 Re8 27. Bd3
Bg6 28. Rxe8+ Bxe8 29. Kf2 g6 30. Ke3 Kf8 31. Kd4 Ke7 32. g4 h6 33. h4 b6 34.
g5 hxg5 35. hxg5 fxg5 36. fxg5 Kd6 37. Be4 Bf7 38. Bd3 Be8 39. Bc2 a6 40. Be4
a5 41. Bc2 Bf7 42. Ba4 Ke7 43. Bb5 Kd6 44. a4 Ke7 45. c5 Kd8 46. cxb6 cxb6 47.
Ke5 Bg8 48. Bc6 Kc7 49. Be8 Bh7 50. Kf6 Kd6 51. Kg7 1-0

[Event "M.Chigorin Memorial 2014"]
[Site "St. Petersburg"]
[Date "2014.10.20"]
[Round "3.112"]
[White "Klukin, Kirill"]
[Black "Fedoseeva, Valentina"]
[Result "0-1"]
[WhiteElo "2234"]
[BlackElo "1946"]
[PlyCount "76"]
[EventDate "2014.10.18"]
[EventType "swiss"]
[EventCountry "RUS"]

1. d4 d5 2. Nf3 e6 3. c4 Nf6 4. Nc3 Be7 5. Bg5 Ne4 6. Bxe7 Qxe7 7. Nxe4 dxe4 8.
Nd2 f5 9. e3 O-O 10. Be2 c5 11. Qb3 cxd4 12. exd4 Rd8 13. Qc3 Qf6 14. Nb3 b6
15. O-O-O Bb7 16. Kb1 a5 17. f3 Kh8 18. Rhf1 Qh4 19. fxe4 Bxe4+ 20. Bd3 Nc6 21.
g3 Qg4 22. h3 Bxd3+ 23. Rxd3 Qxh3 24. Re1 Rd6 25. Rde3 a4 26. c5 bxc5 27. dxc5
Rdd8 28. Nd2 e5 29. Nc4 e4 30. Nd6 Rd7 31. Qc4 h6 32. Qd5 Rc8 33. Nf7+ Rxf7 34.
Qxf7 a3 35. Qd7 Rb8 36. R3e2 Qxg3 37. Qxc6 Rxb2+ 38. Ka1 Qe5 0-1

[Event "M.Chigorin Memorial 2014"]
[Site "St. Petersburg"]
[Date "2014.10.20"]
[Round "3.113"]
[White "Gorin, Alexandr"]
[Black "Pletnev, Evgeniy"]
[Result "0-1"]
[WhiteElo "2000"]
[BlackElo "2234"]
[PlyCount "84"]
[EventDate "2014.10.18"]
[EventType "swiss"]
[EventCountry "RUS"]

1. d4 f5 2. g3 Nf6 3. Bg2 g6 4. Nh3 Nc6 5. c4 Bg7 6. Nc3 O-O 7. e3 d6 8. O-O
Rb8 9. Qe2 e6 10. Nf4 Qe7 11. Nxe6 Bxe6 12. d5 Bd7 13. dxc6 bxc6 14. Qc2 Qe5
15. Rb1 h5 16. h4 Ng4 17. Nd1 Bf6 18. f4 Qc5 19. Kh1 Be6 20. b3 d5 21. Bd2 dxc4
22. b4 Qd6 23. Nf2 Nxf2+ 24. Rxf2 Qd3 25. Qxd3 cxd3 26. Rc1 Bd5 27. Kg1 Rb7 28.
Bxd5+ cxd5 29. a3 Bb2 30. Rb1 Bxa3 31. Rb3 Bxb4 32. Rxb4 Rxb4 33. Bxb4 Rb8 34.
Bc3 c5 35. Ra2 Rb3 36. Be5 c4 37. Rxa7 Rb1+ 38. Kf2 d2 39. Ra8+ Kf7 40. Ra7+
Ke8 41. Ra8+ Kd7 42. Ra7+ Kc6 0-1

[Event "M.Chigorin Memorial 2014"]
[Site "St. Petersburg"]
[Date "2014.10.20"]
[Round "3.114"]
[White "Smiyan, Vladimir"]
[Black "Semenova, Irina"]
[Result "0-1"]
[WhiteElo "1994"]
[BlackElo "2220"]
[PlyCount "126"]
[EventDate "2014.10.18"]
[EventType "swiss"]
[EventCountry "RUS"]

1. d4 Nf6 2. Nf3 g6 3. Bf4 Bg7 4. e3 d6 5. h3 Nbd7 6. Nbd2 O-O 7. Be2 c5 8. c3
Re8 9. O-O e5 10. Bh2 e4 11. Ne1 Nf8 12. Nc2 cxd4 13. Nxd4 d5 14. N2b3 Ne6 15.
Rc1 Qb6 16. Qd2 Bd7 17. Nxe6 Bxe6 18. Nd4 Bd7 19. Rfd1 Rac8 20. Qc2 a6 21. Rd2
Bf8 22. Rcd1 Qa5 23. Qb1 Qc5 24. Nb3 Qb6 25. Nd4 a5 26. Bg3 h6 27. Rc1 a4 28.
a3 Kg7 29. Bd1 Qa5 30. Ne2 Bb5 31. Nf4 Bc4 32. Bc2 Qb5 33. Re1 Qd7 34. Qd1 b5
35. Kh1 Qb7 36. Bh2 Bc5 37. g4 Rcd8 38. Rg1 Nh7 39. h4 Kh8 40. Bg3 Qc6 41. Kg2
Kg8 42. Kh2 Qd7 43. Kh1 Nf6 44. Bh2 Nh7 45. Bg3 Kh8 46. Bh2 g5 47. Nh3 Qe6 48.
h5 f5 49. gxf5 Qxf5 50. Qg4 Qxg4 51. Rxg4 Nf6 52. Rg2 Nxh5 53. Nxg5 hxg5 54.
Rxg5 Ng7 55. Be5 Rxe5 56. Rxe5 Bd6 57. Rg5 Be7 58. Rg4 Rd6 59. Bd1 Rh6+ 60. Kg1
Nf5 61. Rg2 Bd6 62. Rg4 Bh2+ 63. Kg2 Nh4+ 0-1

[Event "M.Chigorin Memorial 2014"]
[Site "St. Petersburg"]
[Date "2014.10.20"]
[Round "3.115"]
[White "Kiselev, Pavel"]
[Black "Kiseleva, Arina"]
[Result "1-0"]
[WhiteElo "2216"]
[BlackElo "1922"]
[PlyCount "49"]
[EventDate "2014.10.18"]
[EventType "swiss"]
[EventCountry "RUS"]

1. e4 c5 2. Nc3 Nc6 3. g3 g6 4. Bg2 Bg7 5. d3 d6 6. f4 e6 7. Nf3 Nge7 8. O-O
O-O 9. g4 f5 10. h3 e5 11. gxf5 gxf5 12. fxe5 Nxe5 13. Nxe5 Bxe5 14. Bh6 Rf7
15. exf5 Rxf5 16. Qg4+ Kh8 17. Qh4 Bf6 18. Qxf6+ Rxf6 19. Rxf6 Bf5 20. Rf1 Qd7
21. Rf7 Bxh3 22. Nd5 Qg4 23. Bg7+ Qxg7 24. Rxg7 Nxd5 25. Rff7 1-0

[Event "M.Chigorin Memorial 2014"]
[Site "St. Petersburg"]
[Date "2014.10.20"]
[Round "3.116"]
[White "Monin, Nikolay"]
[Black "Ivanov, Artem"]
[Result "1/2-1/2"]
[WhiteElo "2209"]
[BlackElo "1913"]
[PlyCount "82"]
[EventDate "2014.10.18"]
[EventType "swiss"]
[EventCountry "RUS"]

1. Nf3 Nf6 2. c4 g6 3. Nc3 Bg7 4. e4 d6 5. d4 Nbd7 6. e5 dxe5 7. dxe5 Ng4 8. e6
fxe6 9. Ng5 Nde5 10. Qxd8+ Kxd8 11. h3 Nh6 12. Bf4 c6 13. O-O-O+ Ke8 14. g4
Nhf7 15. Nge4 Nf3 16. Bg2 e5 17. Be3 Nd4 18. Rhe1 Kf8 19. f4 Ne6 20. Ne2 exf4
21. Nxf4 Nxf4 22. Bxf4 e5 23. Be3 h5 24. g5 Be6 25. Nc5 Bxc4 26. Nxb7 Bxa2 27.
Nc5 Bc4 28. Bxc6 Rc8 29. Be4 Bb3 30. Rd3 Nxg5 31. Bxg6 Ne6 32. Rc3 Nxc5 33.
Bxc5+ Kg8 34. Bxa7 Rxc3+ 35. bxc3 Bf7 36. Be4 Bh6+ 37. Kc2 Kg7 38. Bf2 Bf4 39.
Rg1+ Kh6 40. Rb1 Rd8 41. Rb6+ Kg7 1/2-1/2

[Event "M.Chigorin Memorial 2014"]
[Site "St. Petersburg"]
[Date "2014.10.20"]
[Round "3.117"]
[White "Egorov, Daniil"]
[Black "Bebchuk, Boris"]
[Result "1-0"]
[WhiteElo "1974"]
[BlackElo "2204"]
[PlyCount "37"]
[EventDate "2014.10.18"]
[EventType "swiss"]
[EventCountry "RUS"]

1. e4 c5 2. Nf3 d6 3. d4 cxd4 4. Nxd4 Nf6 5. Nc3 a6 6. Bg5 e6 7. f4 b5 8. e5
dxe5 9. fxe5 Qc7 10. exf6 Qe5+ 11. Be2 Qxg5 12. O-O Nd7 13. Bf3 Ra7 14. Ne4
Qe3+ 15. Kh1 Nxf6 16. Nxf6+ gxf6 17. Re1 Qf4 18. Nc6 Rd7 19. Rxe6+ 1-0

[Event "M.Chigorin Memorial 2014"]
[Site "St. Petersburg"]
[Date "2014.10.20"]
[Round "3.118"]
[White "Kantyshev, Nikita"]
[Black "Shkurkin, Nikolai"]
[Result "1/2-1/2"]
[WhiteElo "1957"]
[BlackElo "2204"]
[PlyCount "68"]
[EventDate "2014.10.18"]
[EventType "swiss"]
[EventCountry "RUS"]

1. e4 c6 2. d4 d5 3. e5 Bf5 4. Bd3 Bxd3 5. Qxd3 Qa5+ 6. c3 Qa6 7. Qc2 e6 8. Be3
Nd7 9. b4 b6 10. Qe2 Qxe2+ 11. Nxe2 c5 12. bxc5 bxc5 13. O-O c4 14. Nd2 Ne7 15.
Ng3 Nc6 16. f4 g6 17. Ne2 h5 18. h3 h4 19. Nf3 Ne7 20. Rab1 Nf5 21. Bf2 Be7 22.
Rb5 Kd8 23. Rfb1 Kc8 24. Kf1 Rb8 25. Rxb8+ Nxb8 26. Ke1 Nd7 27. Kd2 Kc7 28. Kc2
Rg8 29. Rg1 Nf8 30. Kd2 Nh7 31. Kc2 Nf8 32. Kd2 Nh7 33. Kc2 Nf8 34. Kd2 Nh7
1/2-1/2